00455 2200181 4500001002100000005001500021035002000036245004200056100001700098250000600115300001600121260003500137082001000172084001600182020001800198008004100216990001600257INLIS00000000000003820260411021055 a0010-04260000381 aPanduan Anti Bullying /cAlwi Kosasih0 aAlwi Kosasih a1 a180 :bIlus aJakarta Timur :bEsensi,c2022 a371.5 a371.5 ALW p a9786237478447260411 0  a00000000042